Anatomía dental : (Registro nro. 1816)

Detalles MARC
000 -LEADER
fixed length control field 01522nam a2200301 4500
001 - CONTROL NUMBER
control field 0000022821
003 - CONTROL NUMBER IDENTIFIER
control field CO-CtgCURN
005 - DATE AND TIME OF LATEST TRANSACTION
control field 20250329164830.0
007 - PHYSICAL DESCRIPTION FIXED FIELD--GENERAL INFORMATION
fixed length control field ta
008 - FIXED-LENGTH DATA ELEMENTS--GENERAL INFORMATION
fixed length control field 160627s1962 000 0 eng d
040 ## - CATALOGING SOURCE
Original cataloging agency CO-CtgCURN
Language of cataloging spa
Transcribing agency coctgcurn
082 0# - DEWEY DECIMAL CLASSIFICATION NUMBER
Classification number 611.314
Item number D537a
100 1# - MAIN ENTRY--PERSONAL NAME
Personal name Diamond, Moses.
245 10 - TITLE STATEMENT
Title Anatomía dental :
Remainder of title con la anatomía de la cabeza y del cuello /
Statement of responsibility, etc. Moses Diamond.
250 ## - EDITION STATEMENT
Edition statement 2a ed.
260 ## - PUBLICATION, DISTRIBUTION, ETC.
Place of publication, distribution, etc. Mexico :
Name of publisher, distributor, etc. Uthea,
Date of publication, distribution, etc. 1962.
300 ## - PHYSICAL DESCRIPTION
Extent xiii, 402 p.
336 ## - CONTENT TYPE
Source rdacontent
337 ## - MEDIA TYPE
Source rdamedia
Media type term sin mediacion
Media type code n
338 ## - CARRIER TYPE
Source rdacarrier
Carrier type term volumen
Carrier type code nc
504 ## - BIBLIOGRAPHY, ETC. NOTE
Bibliography, etc. note Bibliografia (p.453-465)
505 8# - FORMATTED CONTENTS NOTE
Formatted contents note Introducción.--Morfología dental comparada.--Desarrollo del diente.--Formacion y calificacion de los tejidos duros.--Tejidos del diente.--Erupcion.--Dientes temporales.--Dientes superiores.--Dientes inferiores.--Tecnicas para la reproducción de las formas fundamentales de los dientes.--Variaciones y anomalias.--Colocacion de los dientes y oclusion.--Tejidos de sosten de los dientes.--Camara y canales pulpares.--Musculos de la cabeza y el cuello.--Atlas.--La cavidad bucal y sus tejidos blandos.--Irrigacion de la cabeza y el cuello.--Sisitema nervioso.--La articulacion tempomandibular.--Crecimiento y desarrollo del craneo
650 14 - SUBJECT ADDED ENTRY--TOPICAL TERM
Topical term or geographic name entry element Dientes
Form subdivision Anatomía.
700 1# - ADDED ENTRY--PERSONAL NAME
Personal name Carrera, Oscar G.,
Relator term Traductor.
908 ## - PUT COMMAND PARAMETER (RLIN)
Put command parameter 160627
942 ## - ADDED ENTRY ELEMENTS (KOHA)
Koha item type Libros
Classification part 611.314
Item part D537a
Source of classification or shelving scheme Dewey Decimal Classification
Existencias
Withdrawn status Lost status Source of classification or shelving scheme Damaged status Not for loan Collection Home library Current library Shelving location Date acquired Inventory number Total checkouts Full call number Barcode Date last seen Price effective from Koha item type Public note
    Dewey Decimal Classification     General Miguel Henríquez Emiliani Miguel Henríquez Emiliani General 03/29/2025 014357   611.314 D537a 014357 03/29/2025 03/29/2025 Libros 610-CIENME